000 00932nam a2200289 u 4500
001 000003190
003 DO-SdBNP
005 20260306091826.0
007 ta
008 090707s2007 dr 001 p spa d
020 _a9789945856736
040 _aDO-SdBNP
_bspa
_cBNPHU
082 4 _a861.4
_bP438f
_222
100 _aPérez Espinal, Ivelisse
_91803
245 1 0 _aFranklin Mieses Burgos :
_bantología sustancial para estudiantes /
_cIvelisse Pérez Espinal.
260 _aSanto Domingo :
_bCuadernos de Viento y Borra,
_c2007.
300 _a24 p. ;
_c21 cm.
500 _aIncluye índice.
500 _aIncluye biografía de Franklin Miesses Burgos.
500 _aLibro autografiado por la autora.
590 _aInventariado, 2022 / SA
600 1 0 _aMieses Burgos, Franklin,
_d1907-1976
_ePoeta
_91952
650 0 _aPoesía dominicana
_966
650 4 0 _aLiteratura dominicana.
_967
910 _aSaquino
942 _2ddc
_cLF2
999 _c3021
_d3021